Гневът на хидрогите (Запис номер 45834)
[ съкратено ]
| 000 -Лидер | |
|---|---|
| Контролно поле с фиксирана дължина | 01406nam a2200361 c 4500 |
| 003 - Код на организацията, давaща контролен номер | |
| Контролно поле | BLK |
| 005 - Дата и час на последна редакция | |
| Контролно поле | 20231228092922.0 |
| 008 - Елементи от данни с фиксирана дължина | |
| fixed length control field | 180408b bul|||||r ||||||| ||bul|| |
| 010 ## - Наследен системен номер | |
| LC control number | KNG00049634000 |
| 020 ## - Международен стандартен номер на книга ISBN | |
| Международен стандартен номер на книга ISBN | 954-585-469-3 |
| 040 ## - Източник на каталожния запис | |
| Идентификатор на билиотеката - собственик на записа | BLK |
| 041 ## - Код за език | |
| Код за езика на текст/звукозапис или на отделно заглавие | Български |
| Код за езика КДБФ | Български |
| 080 ## - УДК | |
| Текстов определител УДК | Американска литература (на САЩ) |
| УДК код - определител по УДК | 821.111(73) |
| УДК определител | -312.9 |
| УДК - код + определител | 821.111(73)-312.9 |
| 100 1# - Редна дума - Автор | |
| Автор | Андерсън, Кевин Дж. |
| Авторска отговорност | първи автор |
| R(LIN) | 366678 |
| 139 ## - Редно поле | |
| Редна дума | Андерсън, Кевин Дж. |
| Авторски знак | Андр - А 66 |
| 245 10 - Сведения за заглавието | |
| Заглавие | Гневът на хидрогите |
| Подзаглавни данни | Роман |
| Редно поле (дума) | Кевин Дж. Андерсън; прев. от англ. Камен Костов. |
| 257 ## - Страна на издаване | |
| Страна на създаване/издаване | Съединени американски щати |
| 260 ## - Област на издателските данни | |
| Име на издателя, разпространителя и проч. | Бард |
| Година на издаване | 2003 |
| Място на издаване, разпространение и проч. | София |
| 300 ## - Физическа характеристика | |
| Страници | 640 с. |
| Размери/Мащаб | 20 см |
| 380 ## - Жанр | |
| Жанр | Худож. лит. |
| 490 ## - СЕРИИ (Колекции) | |
| Име на серия | Избрана световна фантастика |
| №: серия | 108 |
| 500 ## - Общи забележки | |
| Забележка | Ориг. загл. The Saga of Seven Suns. B. 2. A Forest of Stars / Kevin J. Anderson. - Съдържа и Речник. Кн. 2 от Сага за седемте слънца |
| 653 ## - Ключова дума – ненормативна | |
| Ключова дума | фантастика |
| 653 ## - Ключова дума – ненормативна | |
| Ключова дума | романи |
| 700 1# - Други автори (авторска отговорност) | |
| Лично име | Костов, Камен |
| Автороска отговорност (Описва отношението между автора и произведението) | прев. от англ. |
| 9 (RLIN) | 368020 |
| 852 ## - Местоположение | |
| Форматна сигнатура | Цб 214162 |
| 856 4# - Електронен адрес и достъп | |
| Електронен формат | pdf - файл |
| 856 4# - Електронен адрес и достъп | |
| Електронен формат | pdf - файл |
| 942 ## - АРТИКУЛИ | |
| Вид на библиотечния материал | Книги |
| Скрит в OPAC | Не |
| Koha issues (borrowed), all copies | 1 |
| 944 ## - СЪЗДАВАНЕ И РЕДАКЦИЯ на ЗАПИСА | |
| Създаване/Редакция | Създаване |
| Дата на регистрацията/редакция | 25.04.2005 |
| Служител, извършил регистрацията/редакцията | 30545 |
| Статус, дата на статуса | Нора Радева |
| 944 ## - СЪЗДАВАНЕ И РЕДАКЦИЯ на ЗАПИСА | |
| Създаване/Редакция | Редакция |
| Дата на регистрацията/редакция | 12.03.2007 |
| 999 ## - СИСТЕМНИ КОНТРОЛНИ НОМЕРА | |
| Koha biblionumber | 45834 |
| Koha biblioitemnumber | 45834 |
| 999 ## - СИСТЕМНИ КОНТРОЛНИ НОМЕРА | |
| Koha biblioitemnumber | 45834 |
| Код за отписване | Код за изгубен артикул | Код за повреда | Коз за рестрикции | Код за отдаване | Артикулен № | Име на библиотеката - собственик | Име на библиотеката, в която се намира в момента | Статус (Текущо местоположение) | Дата на вписване в системата | Местоположение - отдел | Цена в лева | Инвентарен номер | Систематично азбучна сигнатура | Баркод | Номер на екземпляра | Цена в евро | Служебна бележка | Служебен тип на артикула | Източник на класификационната схема |
|---|---|---|---|---|---|---|---|---|---|---|---|---|---|---|---|---|---|---|---|
| Не е изгубен | Не е повреден | без рестрикции | заемане за дома | 72201 | Регионална библиотека "Любен Каравелов" Русе | Регионална библиотека "Любен Каравелов" Русе | Заемна - подръчен фонд | 2005-04-25 | Заемна - подръчен фонд | 9.99 | 120000693512 | П 820(73)-31/А 66 | 120000693512 | 1 | 5.11 | Дост: Pk Вид: Ф N: 8а Дата: 21.04.2005 Дата инв: 14.02.2018 Бележки инв: П2018 | Книги | ||
| Не е изгубен | Не е повреден | само за читалня | ползва се в читалня | 938161 | Регионална библиотека "Любен Каравелов" Русе | Регионална библиотека "Любен Каравелов" Русе | Хранилище | 2024-01-02 | Основен фонд - ползва се само за читалня | 9.99 | 120000897182 | Цб 321067 | 120000897182 | 5.11 | Книги | Universal Decimal Classification |